000 00257nam a2200097Ia 4500
008 230508s2005 xx 000 0 und d
041 _aeng
100 _aS. R. RAMAMRUTHAM,R. NARAYANAN
245 _aTHEROY OF STRUCTURES
260 _bDHANPAT-RAI AND SONS
_c2005
999 _c713915
_d713915